000 00517cam a2200205ua 4500
001 9661
008 160315n ii |||gr||||Z||||||eng
020 _a9789384303211
040 _cMAIN
041 _aeng
082 _a370.15
100 _aGoswami, Moromi,
_eAuthor.
245 1 _aEssentials of educational psychology
_cby Moromi Goswami
250 _a1st ed.
260 _aDibrugarh:
_bMahaveer publications,
_c2015.
300 _a240p.
653 _aEducation
653 _aEducational psychology
942 _cBK
999 _c8681
_d8681